Systematic reviews in pharmacy

Detalles Bibliográficos
Formato: Electrónico Revista
Lenguaje:inglés
Publicado: Mumbai, India : Medknow Publications and Media Pvt. Ltd.
Materias:
Acceso en línea:Full text available from Research Library: 01/01/2010 to present

MARC

LEADER 00000nas a2200000 a 4500
001 ssj0000394015
003 WaSeSS
005 20200512172242.0
006 m d
007 cr n
008 100722c20109999ii || p|s||||||||||0eng|d
022 |a 0976-2779 
035 |a (WaSeSS)ssj0000394015 
040 |a WaSeSS  |c WaSeSS  |d WaSeSS 
050 4 |a RS1 
210 0 |a Sys rev pharm 
245 0 0 |a Systematic reviews in pharmacy  |h [electronic resource]. 
260 |a Mumbai, India :  |b Medknow Publications and Media Pvt. Ltd. 
362 1 |a Began with Vol. 1, issue 1 (Jan./June 2010). 
506 |a License restrictions may limit access. 
588 |a Description based on: Vol. 1, issue 1 (Jan./June 2010); title from table of contents page (publisher's website, viewed July 22, 2010). 
588 |a Latest issue consulted: Vol. 1, issue 1 (Jan./June 2010) (viewed July 22, 2010). 
650 0 |a Pharmacy  |v Periodicals. 
655 0 |a Electronic journals. 
776 0 8 |i Also issued in print:  |t Systematic reviews in pharmacy  |x 0975-8453 
856 4 0 |z Full text available from Research Library: 01/01/2010 to present  |u https://search.proquest.com/publication/226456